<?xml version="1.0" encoding="UTF-8"?>
<record
    xmlns:xsi="http://www.w3.org/2001/XMLSchema-instance"
    xsi:schemaLocation="http://www.loc.gov/MARC21/slim http://www.loc.gov/standards/marcxml/schema/MARC21slim.xsd"
    xmlns="http://www.loc.gov/MARC21/slim">

  <leader>00465nam a2200169Ia 4500</leader>
  <controlfield tag="008">230718s9999    xx            000 0 und d</controlfield>
  <datafield tag="041" ind1=" " ind2=" ">
    <subfield code="a">eng</subfield>
  </datafield>
  <datafield tag="082" ind1=" " ind2=" ">
    <subfield code="a">005.43</subfield>
    <subfield code="b">MIC</subfield>
  </datafield>
  <datafield tag="100" ind1=" " ind2=" ">
    <subfield code="a">Microsoft</subfield>
    <subfield code="9">109114</subfield>
  </datafield>
  <datafield tag="245" ind1=" " ind2=" ">
    <subfield code="a">Micro Windows Nt Network Administrative Training Kit</subfield>
  </datafield>
  <datafield tag="260" ind1=" " ind2=" ">
    <subfield code="c">1997</subfield>
    <subfield code="b">Microsoft</subfield>
  </datafield>
  <datafield tag="300" ind1=" " ind2=" ">
    <subfield code="a">520</subfield>
    <subfield code="d">Ref 921 C (11592)</subfield>
  </datafield>
  <datafield tag="365" ind1=" " ind2=" ">
    <subfield code="c">Rs.</subfield>
    <subfield code="b">3591.00</subfield>
  </datafield>
  <datafield tag="500" ind1=" " ind2=" ">
    <subfield code="a">921 C</subfield>
  </datafield>
  <datafield tag="700" ind1=" " ind2=" ">
    <subfield code="a">Microsoft</subfield>
    <subfield code="9">109114</subfield>
  </datafield>
  <datafield tag="906" ind1=" " ind2=" ">
    <subfield code="d">B:432523-May-2000</subfield>
    <subfield code="c">COMP</subfield>
    <subfield code="b">538.65</subfield>
  </datafield>
  <datafield tag="999" ind1=" " ind2=" ">
    <subfield code="c">300386</subfield>
    <subfield code="d">300386</subfield>
  </datafield>
  <datafield tag="952" ind1=" " ind2=" ">
    <subfield code="0">0</subfield>
    <subfield code="1">0</subfield>
    <subfield code="2">ddc</subfield>
    <subfield code="3">Ref 921 C (11592)</subfield>
    <subfield code="4">0</subfield>
    <subfield code="7">3</subfield>
    <subfield code="a">CCEP</subfield>
    <subfield code="b">CCEP</subfield>
    <subfield code="d">2000-07-03</subfield>
    <subfield code="e">Tbs</subfield>
    <subfield code="f">COMP</subfield>
    <subfield code="g">3052.35</subfield>
    <subfield code="i">4325</subfield>
    <subfield code="o">005.43</subfield>
    <subfield code="p">CCEP-BK-11592</subfield>
    <subfield code="r">2023-07-18 00:00:00</subfield>
    <subfield code="t">538.65</subfield>
    <subfield code="v">3591.00</subfield>
    <subfield code="w">2000-05-23</subfield>
    <subfield code="y">BK</subfield>
    <subfield code="z">011592</subfield>
  </datafield>
</record>
